Meredith's book of Bible lists / (Record no. 6869)
[ view plain ]
| 000 -LEADER | |
|---|---|
| fixed length control field | 00916cam a2200277 i 4500 |
| 001 - CONTROL NUMBER | |
| control field | 3244114 |
| 003 - CONTROL NUMBER IDENTIFIER | |
| control field | GBCCL |
| 005 - DATE AND TIME OF LATEST TRANSACTION | |
| control field | 20241126110614.0 |
| 008 - FIXED-LENGTH DATA ELEMENTS--GENERAL INFORMATION | |
| fixed length control field | 800407s1980 mnua bi 000 0 eng |
| 010 ## - | |
| -- | 80014486 |
| 020 ## - INTERNATIONAL STANDARD BOOK NUMBER | |
| International Standard Book Number | 0871230232 (pbk.) : |
| Terms of availability | $4.95 |
| 040 ## - CATALOGING SOURCE | |
| Original cataloging agency | DLC |
| Transcribing agency | DLC |
| Modifying agency | DLC |
| 050 00 - | |
| -- | BS391.2 |
| -- | .M47 |
| 082 00 - DEWEY DECIMAL CLASSIFICATION NUMBER | |
| Classification number | 220.0216 |
| Edition information | 19 |
| Item number | BIB |
| 130 0# - | |
| -- | Bible. |
| -- | Selections. |
| -- | English. |
| -- | Authorized. |
| -- | 1980. |
| -- | 12287 |
| 245 10 - TITLE STATEMENT | |
| Title | Meredith's book of Bible lists / |
| Statement of responsibility, etc. | J. L. Meredith. |
| 260 ## - PUBLICATION, DISTRIBUTION, ETC. | |
| Place of publication, distribution, etc. | Minneapolis, Minn. : |
| Name of publisher, distributor, etc. | Bethany Fellowship, |
| Date of publication, distribution, etc. | c1980. |
| 300 ## - PHYSICAL DESCRIPTION | |
| Extent | 287 p. : |
| Other physical details | ill. ; |
| Dimensions | 22 cm. |
| 500 ## - GENERAL NOTE | |
| General note | Consists to a large extent of Bible quotations. |
| 504 ## - BIBLIOGRAPHY, ETC. NOTE | |
| Bibliography, etc. note | Includes bibliographical references. |
| 630 00 - SUBJECT ADDED ENTRY--UNIFORM TITLE | |
| Uniform title | Bible |
| Form subdivision | Indexes. |
| 9 (RLIN) | 1864 |
| 700 1# - ADDED ENTRY--PERSONAL NAME | |
| Personal name | Meredith, J. L. |
| Fuller form of name | (Joel L.), |
| Dates associated with a name | 1935- |
| 9 (RLIN) | 12288 |
| 740 0# - | |
| -- | Book of Bible lists. |
| 906 ## - LOCAL DATA ELEMENT F, LDF (RLIN) | |
| a | 7 |
| b | cbc |
| c | orignew |
| d | 1 |
| e | ocip |
| f | 19 |
| g | y-gencatlg |
| 942 ## - ADDED ENTRY ELEMENTS (KOHA) | |
| Source of classification or shelving scheme | Dewey Decimal Classification |
| Koha item type | Books |
| Withdrawn status | Lost status | Source of classification or shelving scheme | Damaged status | Not for loan | Home library | Current Library | Shelving location | Date acquired | Total checkouts | Full call number | Barcode | Date last seen | Copy number | Price effective from | Koha item type |
|---|---|---|---|---|---|---|---|---|---|---|---|---|---|---|---|
| Dewey Decimal Classification | GRACE BIBLE COLLEGE | GRACE BIBLE COLLEGE | Biblical Studies | 2018-07-02 | 220.0216 BIB | 007577 | 2025-05-01 | c.1 | 2018-07-02 | Books |